000 00686nam a2200241Ia 4500
003 OSt
005 20221005131028.0
006 a|||||r|||| 00| 0
007 ta
008 221004b |||||||| |||| 00| 0 eng d
024 _a64763
037 _cTextual
040 _aCRL
_cCRL
_beng
041 _2eng
_aeng
082 _aV1N45t2:N65, K5
110 _aIndian National Commission for Cooperation with UNESCO.
_9638142
245 0 _aSecretary-General's report, 1964-65.
260 _c1965
650 _aHISTORY
700 _aIndian National Commission for Cooperation with UNESCO.
_9638143
942 _hV1N45t2:N65, K5
_cTEXL
_2cc
999 _c1059124
_d1059124